Normal view
MARC view
- مؤتمر البحث العلمي في الأردن (4 : 2009: عمان - الاردن)؛ تحرير محمود السرطاوي؛ إشراف أنور البطيخي
Entry Personal Name
001 - CONTROL NUMBER
- control field: 31780
003 - CONTROL NUMBER IDENTIFIER
- control field: JO-AjAnu
005 - DATE AND TIME OF LATEST TRANSACTION
- control field: 20230606075340.0
008 - FIXED-LENGTH DATA ELEMENTS
- fixed length control field: 230606|| aca||aabn | a|a d
040 ## - CATALOGING SOURCE
- Original cataloging agency: JO-AjAnu
- Transcribing agency: JO-AjAnu
100 ## - HEADING--PERSONAL NAME
- Personal name: مؤتمر البحث العلمي في الأردن (4 : 2009: عمان - الاردن)؛ تحرير محمود السرطاوي؛ إشراف أنور البطيخي
670 ## - SOURCE DATA FOUND
- Source citation: Work cat.: (JO-AjAnu)16318: مؤتمر البحث العلمي في الأردن (4 : 2009: عمان - الاردن)؛ تحرير محمود السرطاوي؛ إشراف أنور البطيخي, author, التنمية الإجتماعية في المنظار الإسلامي: وقائع المؤتمر الرابع للبحث العلمي في الأردن : الأوراق العلمية المحكمة 7/11/2009